000 00886nam a2200289 i 4500
003 EG-GICUC
005 20260423092031.0
008 260423s1907 fr ||||fr|||| 00| 0 fre d
040 _aEG-GiCUC
_bfre
_cEG-GiCUC
_dEG-GiCUC
_eRda
082 0 4 _221
_a343.6
_bLO . C
092 0 4 _221
099 _aLaw1 10 343.6 LO . C 1907
100 1 _aLombroso,Cesare
_eAuteur
245 1 0 _aLe Crime:
_bCauses et Remèdes /
_cCesare Lombroso.
250 _aDeuxième Édition
264 1 _aParis :
_bFélix Alcan Éditeur ,
_c1907.
300 _a583 page ;
_c 24 cm.
336 _2rda contenu
_a texte
337 _2rda medias
_aOrdinateur
338 _2 transporteur rda
_a Ressource en ligne
546 _aTexte en français
650 1 _aDroit Pénal
650 1 _aCriminologie
856 4 0 _uhttps://fll.law.cu.edu.eg/fulltext/bks/B10-10865.pdf
905 _a59
942 _2ddc
_n0
_cBK
_e21
999 _c72954
_d72954